Las prácticas de la tercera edad (Record no. 34154)
[ view plain ]
| 000 -CABECERA | |
|---|---|
| campo de control de longitud fija | 00586nam a22002177a 4500 |
| 003 - IDENTIFICADOR DEL NÚMERO DE CONTROL | |
| campo de control | OSt |
| 005 - FECHA Y HORA DE LA ÚLTIMA TRANSACCIÓN | |
| campo de control | 20191029164115.0 |
| 008 - DATOS DE LONGITUD FIJA--INFORMACIÓN GENERAL | |
| campo de control de longitud fija | 191029b xxu||||| |||| 00| 0 spa d |
| 020 ## - ISBN | |
| Número Internacional Estándar del Libro | 84-7432-338-X |
| 040 ## - FUENTE DE LA CATALOGACIÓN | |
| Centro/agencia transcriptor | Biblioteca Ernesto Sábato |
| 092 ## - SIGNATURA TOPOGRÁFICA | |
| Número de clasificación | 616.891.1 |
| Libristica | E37p |
| Sector | BLYNK |
| 100 ## - Autor Personal | |
| Nombre de persona | Elkaim, Mony |
| 245 ## - MENCIÓN DE TÍTULO | |
| Título | Las prácticas de la tercera edad |
| Resto del título | : salud mental y contexto social |
| 260 ## - PUBLICACIÓN, DISTRIBUCIÓN, ETC. (PIE DE IMPRENTA) | |
| Lugar de publicación, distribución, etc. | Barcelona |
| Nombre del editor, distribuidor, etc. | Gedisa |
| Fecha de publicación, distribución, etc. | 1989 |
| 300 ## - DESCRIPCIÓN FÍSICA | |
| Paginas | 156 p |
| 440 ## - MENCIÓN DE SERIE/PUNTO DE ACCESO ADICIONAL--TÍTULO | |
| Título | Terapia familiar |
| 650 ## - Descriptores Tematicos | |
| Término de materia o nombre geográfico como elemento inicial | SALUD MENTAL |
| 650 ## - Descriptores Tematicos | |
| Término de materia o nombre geográfico como elemento inicial | TERAPIA SISTEMICA |
| 650 ## - Descriptores Tematicos | |
| Término de materia o nombre geográfico como elemento inicial | BLYNK |
| 942 ## - ELEMENTOS DE PUNTO DE ACCESO ADICIONAL (KOHA) | |
| Fuente del sistema de clasificación o colocación | Dewey Decimal Classification |
| Tipo de ítem Koha | BLYNK |
| Estado de retiro | Estado de pérdida | Fuente del sistema de clasificación o colocación | Estado dañado | No para préstamo | Localización permanente | Ubicación/localización actual | Fecha de adquisición | Número de inventario | Total de préstamos | Signatura topográfica completa | Código de barras | Fecha visto por última vez | Precio válido a partir de | Tipo de ítem Koha |
|---|---|---|---|---|---|---|---|---|---|---|---|---|---|---|
| Dewey Decimal Classification | Biblioteca Ernesto Sabato - FADECS - UNCOMA | Biblioteca Ernesto Sabato - FADECS - UNCOMA | 29/10/2019 | 24791 | 616.891.1 E37p | 24791 | 29/10/2019 | 29/10/2019 | BLYNK |